Wild flowers of central Saudi Arabia /

محفوظ في:

المؤلف الرئيسي: Vincett, Betty A. Lipscombe (مؤلف)

التنسيق: كتاب

اللغة: English

منشور في: Milano : PI. ME., 1977.

الموضوعات:

الوسوم: إضافة وسم

لا توجد وسوم, كن أول من يضع وسما على هذه التسجيلة!

رقم الطلب: QK353 .V5

LEADER 00671nam a22002057a 4500
003 OSt
005 20251117110020.0
008 251117t1977 it a b 001 0 eng d
040 |c ARCE Library 
043 |a a-su--- 
050 1 4 |a QK353  |b .V5 
100 1 |a Vincett, Betty A. Lipscombe,  |e author  |9 41695 
245 1 0 |a Wild flowers of central Saudi Arabia /  |c photographs and text by Betty A. Lipscombe Vincett. 
264 1 |a Milano :  |b PI. ME.,  |c 1977. 
300 |a 114 pages :  |b color illustrations ;  |c 31 cm. 
504 |a Includes bibliographical references (page 114) and indexes. 
650 0 |a Wild flowers  |z Saudi Arabia. 
901 |a reviewed 
942 |c BK  |2 lcc 
999 |c 17007  |d 17007